| 000 | 01775nam a2200481 i 4500 | ||
|---|---|---|---|
| 001 | 33653 | ||
| 003 | KOSZ 005 | ||
| 005 | 20200408160646.0 | ||
| 008 | 130221s1996 pl a f f |000 0 pol | ||
| 015 | _aPB 2013/10717 | ||
| 020 | _a8300029974 | ||
| 035 | _a991014606839705066 | ||
| 035 | _a(PL-WaBN)b28408202-48omnis_nlop | ||
| 035 | _ab28408202 | ||
| 035 | _a(OCoLC)751303118 | ||
| 035 | _a(PL)b0000002840820 | ||
| 035 | _a(EXLNZ-48OMNIS_NETWORK)9910321088605606 | ||
| 040 |
_aWA N _cWA N _dKOSZ 005/HR |
||
| 046 | _k1996 | ||
| 080 | _a(075.8) | ||
| 080 | _a615.9 | ||
| 080 | _a664.014 | ||
| 245 | 0 | 0 |
_aToksykologia żywności : _bprzewodnik do ćwiczeń / _c[red. nauk. Anna Brzozowska ; aut. Anna Brzozowska et al.] ; Szkoła Główna Gospodarstwa Wiejskiego w Warszawie. |
| 260 |
_aWarszawa : _bWydawnictwo SGGW, _c1996. |
||
| 300 |
_a168 s. : _bil. ; _c24 cm. |
||
| 380 | _aKsiążki | ||
| 380 | _aPublikacje dydaktyczne | ||
| 388 | _a1901-2000 | ||
| 388 | _a1989-2000 | ||
| 504 | _aBibliogr. przy rozdz. | ||
| 521 | 8 | _aDla studentów Wydziału Żywienia Człowieka oraz Gospodarstwa Domowego SGGW, a także wydz. technologii żywności uczelni rolniczych oraz pracowników ośrodków związanych z badaniem żywności i żywieniem. | |
| 658 | _aMedycyna i zdrowie | ||
| 658 | _aRolnictwo i leśnictwo | ||
| 658 | _aChemia | ||
| 655 | 7 |
_aPodręczniki akademickie _2DBN |
|
| 650 | 7 |
_aToksykologia żywności _2DBN |
|
| 700 | 1 |
_aBrzozowska, Anna _c(technolog żywności). _eAutor _eRedakcja |
|
| 710 | 2 |
_aWydawnictwo SGGW _4pbl |
|
| 856 |
_uhttp://koha.tu.koszalin.pl/cgi-bin/koha/opac-detail.pl?biblionumber=33653 _yKatalog online BPK |
||
| 942 |
_2UKD _cKS |
||
| 999 |
_c33653 _d33653 |
||